000 00592nam a2200205Ia 4500
999 _c20984
_d20984
003 0100
005 20171017104419.0
008 130303s9999 xx 000 0 und d
020 _a089870300X
040 _cARRUPELIB
050 _aB765.T531 1990
100 _aAquinas, Thomas, St.
_99346
245 2 _aA Summa of the Summa
245 _bThe essential Philosophical passages of St. Thomas Aquinas' summa theologica edited and explained for the beginners
260 _aSan Francisco
260 _bIgnatius Press
300 _a539p.
300 _b 23cm
600 _aThomas Aquinas, St. . Summa theologiae
_937142
942 0 0 _05
_2lcc
_cMONOGRAPH